| 000 | 00539cam a22001571 4500 | ||
|---|---|---|---|
| 082 |
_a355.3 _bWOR _cL-30, P-9 |
||
| 100 | 1 |
_aWorley, Marvin L. _948769 |
|
| 245 | 0 | 2 | _aA digest of new developments in Army weapons, tactics, organization and equipment. |
| 250 | _a[1st ed.] | ||
| 260 |
_aHarrisburg, Pa., _bMilitary Service Pub. Co. _c[1958] |
||
| 300 |
_a261 p. _billus. _c22 cm. |
||
| 526 |
_a0 _b0 _c0 _d355_300000000000000_WOR |
||
| 526 |
_a0 _b0 _c0 _d355_300000000000000_WOR |
||
| 650 | 0 |
_aMilitary art and science. _937914 |
|
| 942 |
_2ddc _cBK |
||
| 999 |
_c551623 _d551623 |
||